La región occidente de México y la cuenca del Pacifico (Record no. 64475)
[ view plain ]
| 000 -LEADER | |
|---|---|
| fixed length control field | 01034nam a2200241 4500 |
| 005 - DATE AND TIME OF LATEST TRANSACTION | |
| control field | 20251008133718.0 |
| 008 - FIXED-LENGTH DATA ELEMENTS--GENERAL INFORMATION | |
| fixed length control field | 210820s mx d gr|||| 00| 0 spa|d |
| 020 ## - INTERNATIONAL STANDARD BOOK NUMBER | |
| International Standard Book Number | 9688844608 |
| 050 04 - LIBRARY OF CONGRESS CALL NUMBER | |
| Classification number | HD1792 |
| Item number | R44 1999 |
| 245 00 - TITLE STATEMENT | |
| Title | La región occidente de México y la cuenca del Pacifico |
| Remainder of title | : ¿una opción de comercio agropecuario? |
| Statement of responsibility, etc | / Francisco Peña de Paz. Saúl Martínez González (coordinadores). |
| 250 ## - EDITION STATEMENT | |
| Edition statement | 1a ed. |
| 260 ## - PUBLICATION, DISTRIBUTION, ETC. (IMPRINT) | |
| Place of publication, distribution, etc | México : |
| Name of publisher, distributor, etc | Universidad Autónoma de Chapingo : |
| -- | Universidad de Colima : |
| -- | Centro de Investigación en Alimentación y Desarrollo, |
| Date of publication, distribution, etc | 1999 |
| 300 ## - PHYSICAL DESCRIPTION | |
| Extent | 223 p. : |
| Other physical details | il. ; |
| Dimensions | 23 cm. |
| 504 ## - BIBLIOGRAPHY, ETC. NOTE | |
| Bibliography, etc | Incluye bibliografías |
| 650 #4 - SUBJECT ADDED ENTRY--TOPICAL TERM | |
| Topical term or geographic name as entry element | Economía agrícola |
| General subdivision | Uso del suelo |
| Geographic subdivision | México |
| 651 #4 - SUBJECT ADDED ENTRY--GEOGRAPHIC NAME | |
| Geographic name | México |
| General subdivision | Comercio |
| Geographic subdivision | Océano Pacífico |
| 651 #4 - SUBJECT ADDED ENTRY--GEOGRAPHIC NAME | |
| Geographic name | Océano Pacifico |
| General subdivision | Comercio |
| Geographic subdivision | México |
| 700 1# - ADDED ENTRY--PERSONAL NAME | |
| Personal name | Peña de Paz, Francisco |
| Relator code | coordinador |
| 700 1# - ADDED ENTRY--PERSONAL NAME | |
| Personal name | Martínez González, Saúl |
| Relator term | coordinador |
| 710 1# - ADDED ENTRY--CORPORATE NAME | |
| Corporate name or jurisdiction name as entry element | Universidad Autónoma de Chapingo |
| 710 1# - ADDED ENTRY--CORPORATE NAME | |
| Corporate name or jurisdiction name as entry element | Universidad de Colima |
| 942 ## - ADDED ENTRY ELEMENTS (KOHA) | |
| Source of classification or shelving scheme | Biblioteca del Cogreso de los Estados Unidos |
| Koha item type | Libro |
| Estado de pérdida | Fuente de clasificación | Estado del daño | No para préstamo | Ubicación permanente | Ubicación actual | Apartado o colección | Fecha de adquisición | Edición | Área del conocimiento | Clasificación | Código de Barras | Date last seen | Número de copia | Tipo de recurso | Fuente de adquisición | Dependencia de educación superior (DES) | Costo por reposición |
|---|---|---|---|---|---|---|---|---|---|---|---|---|---|---|---|---|---|
| Biblioteca del Cogreso de los Estados Unidos | Uso interno Biblioteca | Biblioteca de la Facultad de Economía | Biblioteca de la Facultad de Economía | General | 08/10/2025 | 1a ed. | Ciencias Agropecuarias | HD1792 R44 1999 | BFE000003419 | 12/06/2017 | 1 | Libro | Unidad Académica | Ciencias Económico Administrativas | 1.00 | ||
| Biblioteca del Cogreso de los Estados Unidos | Biblioteca de la Facultad de Economía | Biblioteca de la Facultad de Economía | General | 08/10/2025 | 1a ed. | Ciencias Agropecuarias | HD1792 R44 1999 | BFE000003420 | 12/06/2017 | 2 | Libro | Unidad Académica | Ciencias Económico Administrativas | 1.00 | |||
| Biblioteca del Cogreso de los Estados Unidos | Biblioteca de la Facultad de Economía | Biblioteca de la Facultad de Economía | General | 08/10/2025 | 1a ed. | Ciencias Agropecuarias | HD1792 R44 1999 | BFE000003421 | 12/06/2017 | 3 | Libro | Unidad Académica | Ciencias Económico Administrativas | 1.00 | |||
| Biblioteca del Cogreso de los Estados Unidos | Biblioteca del Instituto de Investigaciones Económicas y Empresariales | Biblioteca del Instituto de Investigaciones Económicas y Empresariales | General | 21/10/2015 | 1a. ed. | Ciencias Sociales y Administrativas | HD 1792 R44 1999 | IIE000004817 | 21/10/2015 | C:1 | Libro |